00688nam a2200193 a 450000100060000000300080000600500170001400800410003103500190007204000320009104100080012308200250013110000270015624501260018326000690030930000200037865000490039883000470044767802BD-RjUL20211209081708.0890815s1988 pk b 000 0 eng  a(BD-RjUL)68011 aDLCcDLCdDLCdBD-RjULbeng aeng 223a630.72bMEL 19881 aMellor, John W.d1928-10aLectures on agricultural growth and employment :ban equitable growth strategy and its knowledge needs /cJohn W. Mellor  aIslamabad :bPakistan Institute of Development Economics,c1988. a75 p. ;c24 cm. 0aAgriculturexResearchzDeveloping countries. aLectures in development economics ;vno. 7